Quizzes
Events
Quiz Creation
Community
Videos
Private Events
Remove Ads
Sign In
Join for FREE
Feedback
Dark Mode
Quiz Categories
Sports
Geography
Music
Movies
Television
Just For Fun
Miscellaneous
History
Literature
Language
Science
Gaming
Entertainment
Religion
Holiday
For Kids
Quiz Lab
Recent
Popular Today
Quiz Kudos Today
Editor Picks
Curator Picks
Quizzes by...
Day
Popularity
Type
Ratings
Length
Year
Community
Subscriptions
Recent Discussions
Orange Saloon
Badges
Playlists
Quests
Create
Leaderboards
Showdown
Live 5
Trivia Bingo
Activity
Puzzle Library
Sporcle Events
Private Events
Virtual Trivia
Globe League
Become a Host
Pub Owners
SporcleCon
Opinionation
Our Games
Videos
Blog
Mobile Apps
Partnerships
Remove Ads and Go Orange
Feedback
Sports
Athletes
MLB
NBA
NHL
NFL
Soccer
Sports Teams
WWE
NCAA
Football
Premier League
Basketball
Baseball
Hockey
Golf
Tennis
Cricket
Rugby
Auto Racing
Olympics
World Cup
Sports
Athletes
MLB
NBA
NHL
NFL
Soccer
Sports Teams
WWE
NCAA
Football
Premier League
Basketball
Baseball
Hockey
Golf
Tennis
Cricket
Rugby
Auto Racing
Olympics
World Cup
Random Quiz
Search Sporcle
×
Quiz Lab
Quiz Lab
Sports
Football
Type in answers that appear in a list
Type in answers that appear in a list
Classic
Best Score? Go Orange.
Transfers on Deadline Day Summer 2011 Stats
Can you name the Transfers that happened on deadline day in August 2011?
By
Doctor_NOLIFE
15m
92 Questions
85 Plays
85 Plays
85 Plays
Comments
Comments
Give Quiz Kudos
Give Quiz Kudos
-
- Ratings
hide this ad
Replay
Link that replays current quiz
Next Quiz
Link to next quiz in quiz playlist
You Got
0%
They Got
Avg Score
15%
Avg Friend Score
Upgrade to see
Score Distribution
Jump to the score distribution portion of the page
Score
0/92
Timer
15:00
0
Plays Today
From x to y
Player
% Correct
Everton -
Arsenal
Mikel Arteta
81.2%
Tottenham -
Stoke
Peter Crouch
65.9%
Chelsea -
Arsenal
Yossi Benayoun
51.8%
Arsenal -
Sunderland
Nicklas Bendtner
49.4%
Real Madrid -
Everton
Royston Drenthe
49.4%
Liverpool -
Bolton
David Ngog
49.4%
Werder Bremen -
Arsenal
Per Mertesacker
47.1%
Liverpool -
Lille
Joe Cole
45.9%
Liverpool -
Chelsea
Raul Meireles
45.9%
unattached -
Fulham
Orlando Sa
44.7%
Fenerbahce -
Arsenal
Andre Santos
43.5%
Everton -
Leicester
Jermaine Beckford
42.4%
Twente -
Fulham
Bryan Ruiz
42.4%
Manchester City -
Liverpool
Craig Bellamy
41.2%
West Ham -
Tottenham
Scott Parker
41.2%
Tottenham -
Stoke
Wilson Palacios
40%
Leeds -
St Etienne
Max Gradel
38.8%
Manchester City -
QPR
Shaun Wright-Phillips
37.6%
Tottenham -
Aston Villa
Alan Hutton
35.3%
Sunderland -
QPR
Anton Ferdinand
31.8%
unattached -
Manchester City
Owen Hargreaves
30.6%
Tottenham -
Aston Villa
Jermaine Jenas
27.1%
Darlington -
Charlton
Michael Smith
27.1%
Celtic -
Wigan
Shaun Maloney
25.9%
Birmingham -
Stoke
Cameron Jerome
24.7%
Chelsea -
Bolton
Gael Kakuta
24.7%
Everton -
Blackburn
Yakubu
24.7%
Birmingham -
Blackburn
Scott Dann
23.5%
Tottenham -
West Ham
David Bentley
21.2%
Liverpool -
Evian
Christian Poulsen
21.2%
Arsenal -
Lorient
Joel Campbell
15.3%
From x to y
Player
% Correct
Burnley -
Birmingham
Wade Elliott
15.3%
Chelsea -
Wigan
Patrick Van Aanholt
15.3%
Manchester City -
Feyenoord
John Guidetti
14.1%
Arsenal -
West Ham
Henri Lansbury
14.1%
Tigre -
Everton
Denis Stracqualursi
12.9%
Shamrock Rovers -
Aston Villa
Enda Stevens
12.9%
Hamburg -
West Ham
Guy Demel
11.8%
Macclesfield -
Peterborough
Emile Sinclair
11.8%
West Ham -
Aldershot
Jordan Brown
9.4%
Wolves -
Inverness Caledonian Thistle
David Davis
9.4%
Celtic -
Southampton
Jos Hooiveld
9.4%
Leeds -
Swansea
Federico Bessone
8.2%
Norwich -
Oldham
Tom Adeyemi
7.1%
Nottingham Forest -
Watford
Joe Garner
7.1%
Lens -
Swansea
Darnel Situ
7.1%
West Ham -
Burnley
Junior Stanislas
7.1%
Gillingham -
Plymouth
Simon King
5.9%
Bury -
Sheffield Wednesday
Ryan Lowe
5.9%
Hull -
Millwall
Jay Simpson
5.9%
Coventry -
Cardiff
Ben Turner
5.9%
California Odyssey -
Liverpool
Villyan Bijev
4.7%
Liverpool -
Fortuna Dusseldorf
Villyan Bijev
4.7%
Norwich -
Coventry
Cody McDonald
4.7%
Norwich -
MK Dons
Anthony McNamee
4.7%
Sheffield United -
Blackpool
Daniel Bogdanovic
3.5%
Everton -
Scunthorpe
Shane Duffy
3.5%
Bournemouth -
Millwall
Liam Feeney
3.5%
Ipswich -
Plymouth
Jamie Griffiths
3.5%
unattached -
Fulham
Zdenek Grygera
3.5%
Fulham -
Swansea
Rafik Halliche
3.5%
West Brom -
Birmingham
Pablo Ibanez
3.5%
From x to y
Player
% Correct
Manchester City -
Bristol City
Ryan McGivern
3.5%
Peterborough -
Rochdale
David Ball
2.4%
Sheffield Wednesday -
MK Dons
Mark Beevers
2.4%
Chelsea -
Vitesse Arnhem
Ulises Davila
2.4%
Middlesbrough -
Oxford
Jonathan Franks
2.4%
Leicester -
Millwall
Dany N'Guessan
2.4%
Arsenal -
Lorient
Gilles Sunu
2.4%
Leicester -
Hull
Martyn Waghorn
2.4%
West Ham -
Swindon
Ahmed Abdulla
1.2%
Manchester City -
Rochdale
Ahmed Benali
1.2%
Leicester -
Bury
Shane Byrne
1.2%
Sheffield Wednesday -
Bury
Giles Coke
1.2%
unattached -
Birmingham
Jack Deaman
1.2%
Hull -
Bradford
Jamie Devitt
1.2%
unattached -
Bradford
Matt Duke
1.2%
Dynamo Kiev -
Celtic
Badr El Kaddouri
1.2%
West Brom -
Blackpool
James Hurst
1.2%
unattached -
Oldham
Shefki Kuqi
1.2%
Rangers -
Port Vale
Andy Little
1.2%
unattached -
Hayes & Yeading
Hector Mackie
1.2%
Tottenham -
Hearts
Callum Tapping
1.2%
Lewes -
Portsmouth
Jed Wallace
1.2%
Huddersfield -
Inverness Caledonian Thistle
Aiden Chippendale
0%
Berwick -
Hamilton
Paul Currie
0%
Northampton -
Bury
Shaun Harrad
0%
Bury -
Scunthorpe
Damian Mozika
0%
unattached -
Bradford
Dean Overson
0%
Leyton Orient -
Rotherham
Alex Revell
0%
Bristol Rovers -
Bath City
Ben Swallow
0%
Swindon -
Southend
Michael Timlin
0%
Quiz Playlist
Details
Report
Send in Message
Add To Playlist
Classic:
Type in answers that appear in a list
Quiz Source
Last Updated: Feb 16, 2017
Quiz Scoreboard
CHALLENGE
Sign Up to Join the Scoreboard
Show All
Scores
Hide
Comments
May contain spoilers
Recently Published
An Introduction to Baseball
by treessimontrees
Sports
5m
Movies - When Are They Set?
by FPL_Elf
Movies
5m
Popular People in 1961
by mucciniale
History
6m
More to Explore
Quiz From the Vault
Featured Blog Post
Where Did the Easter Bunny Come From?
hide this ad
You Might Also Like...
Tags
Football Quiz
2011
August
British
club
deadline
Player
price
Transfer
Today's Top Quizzes in Sports
Browse Sports
hide this ad
Today's Top Quizzes in Football
Browse Football
Top Contributed Quizzes in Sports
1
Les meilleurs buteurs des matchs entre le PSG et l’OM
2
2022 World Cup Stars
3
FIFA Club World Cup Champions
4
Les entraîneurs de l'OM et du PSG au 21e siècle
5
Name the Premier League winners with different clubs
6
La finale Lions - Afrique du Sud 2021
7
Criteria MLB: Left Handed Sluggers
8
Les joueurs passés par le LOSC et le RC Lens
9
Players with Multiple 50 Home Run Seasons
10
MLB Players with Two .350 Batting Average Seasons
Explore More
Trending Topics
Marvel
Anime
Crossword
NBA
Kpop
Harry Potter
Disney
NFL
Song
WWE
The Office
Pokémon
Soccer
Puzzle
Country
hide this ad
More By:
Doctor_NOLIFE
Quiz
Plays
Rating
Category
Featured
Created
Doctor Who New Series Companion Trivia
14,695
3.00
Television
Apr 10, 2012
Shakespeare: To Be Or Not To Be Speech in 'Hamlet'
1,592
2.00
Literature
Nov 20, 2013
Aliens in the Sarah Jane Adventures
734
5.00
Television
Nov 22, 2011
David Tennant's acting career
560
2.75
Television
Jul 13, 2010
Shakespeare: All The World's A Stage
475
Literature
Feb 27, 2016
Go to Creator's Profile
Score Distribution
Quiz Creator Spotlight
Doctor_NOLIFE
Follow
Send a Message
Quizzes Created
-
Created Quiz Play Count
-
More By This Creator
Popular Quizzes Today
1
Find the Countries of Europe - No Outlines Minefield
2
Find the US States - No Outlines Minefield
3
The Countries of the World
4
Popular People in 1961
5
US States
6
1-10 Letter E Words III
7
Find the US States
8
One Thing in Common: World Cities II
More Sports Quizzes
Soccer Passports XIX
Quiz Lab
Trending Quizzes
Risky Map Clicking: Least Populous States A-Z
1-10 Letter F Words
1-10 Letter G Words
One Thing in Common: United Kingdom
Risky Map Clicking: Next State Alphabetically
Recently Updated
Leaping Animals
pecheneg
Reality TV Shows (A-Z)
bhenderson79
Rickey Henderson's Hall of Fame Teammates
pecheneg
Champions League XIs: Arsenal
pecheneg
Quick Pick: Celebrities in WWE's Hall of Fame
aduchscher
A-Z Keypad Blitz II
pecheneg
Multiple Oscar Actors
pecheneg
Mystery Phrase Blitz: Oscar 'Best Actors'
pecheneg
F. Scott Fitzgerald Novels
LTH
Pick 3 Villains
ddd62291
Trending Topics
Crossword
Marvel
Disney
Anime
Harry Potter
NBA
Kpop
Pokémon
WWE
Soccer
The Office
Country
Puzzle
Song
NFL
Your Account Isn't Verified!
In order to create a playlist on Sporcle, you need to verify the email address you used during registration. Go to your
Sporcle Settings
to finish the process.
Report this User
Report this user for behavior that violates our
Community Guidelines
.
Details:
Send Report
Go to the Sporcle.com Mobile Site →
Comments